000 00835nam a2200289Ia 4500
005 20260324133940.0
008 008 260324s9999 xx 000 0 eng d
020 _a9781410608185
037 _aEBOOK
040 _aCRL
040 _beng
040 _cCRL
041 _2eng
041 _aeng
084 _qCRL
100 _aE. Wayne Holden; Ana Maria Brannan
_91194994
245 0 _aEvaluating Systems of Care
245 4 _bThe Comprehensive Community Mental Health Services for Children and Their Families Program. A Special Issue of children's Services: Social Policy, Research, and Practice
260 _bTaylor and Francis
260 _c2002
365 _a
365 _b300
856 _uhttp://www.taylorfrancis.com/books/9781410608185
942 _cEBOOK
999 _c1794578
_d1794578